| 000 | 00683nam a22002297a 4500 | ||
|---|---|---|---|
| 003 | OSt | ||
| 005 | 20220107122901.0 | ||
| 008 | 211209b xxu||||| |||| 00| 0 eng d | ||
| 020 | _a9781484252956 | ||
| 040 | _cKUDSIT | ||
| 082 | _a004.16 CUL/C | ||
| 100 |
_aCulic, Ioana _918812 |
||
| 245 |
_aCommercial and industrial Internet of Things applications with the Raspberry Pi : _bPrototyping IoT solutions |
||
| 260 |
_aApress, _bNew York, _c2020. |
||
| 300 | _axvii, 293p. | ||
| 650 |
_aCOMPUTER SCIENCE _918813 |
||
| 650 |
_aINDUSTRIAL IOT _918814 |
||
| 650 |
_aRASPERRY PI _918815 |
||
| 700 |
_aRadovici, Alexandru _918816 |
||
| 700 |
_aRusu, Cristian _918817 |
||
| 942 |
_2ddc _cBK |
||
| 999 |
_c6883 _d6883 |
||